Most Popular and Influential Vocaloid Producers - Statistics

General Stats
  • This quiz has been taken 11 times
  • The average score is 33 of 100
Answer Stats
Their Most Prominent Vocaloid/s Their Most Iconic Song Producer % Correct
Hatsune Miku Rabbit Hole DECO*27
88%
Hatsune Miku Viva Happy Mitchie M
88%
Hatsune Miku God-ish PinocchioP
88%
Hatsune Miku, vflower Venom Kairiki Bear
75%
Hatsune Miku Love me, Love me, Love me Kikuo
75%
Hatsune Miku Imperial Girl R Sound Design
75%
Hatsune Miku World is Mine ryo
75%
Hatsune Miku Rollin' Girl wowaka
75%
Kagamine Rin, Kagamine Len, Hatsune Miku BRING IT ON! Giga
63%
Hatsune Miku, KAFU, Adachi Rei Kyu-Kurarin iyowa
63%
Hatsune Miku Shunran john
63%
Hatsune Miku Even Though I Loved You MARETU
63%
Kagamine Rin, Hatsune Miku Young Girl A siinamota
63%
Various Copycat CircusP
50%
Various Blessing Halyosy
50%
Kasane Teto, GUMI BIRDBRAIN Jamie Paige
50%
GUMI KING Kanaria
50%
Hatsune Miku Tell Your World kz (livetune)
50%
Kasane Teto, Hatsune Miku Popipo LamazeP
50%
CRYPTONLoids, GUMI, Various Servant of Evil Mothy
50%
Hatsune Miku Confessions of a Rotten Girl SAWTOWNE
50%
KAFU, Hatsune Miku Bitter Choco Decoration syudou
50%
Hatsune Miku, KAITO Gehenna Wotaku
50%
Kasane Teto, Hatsune Miku Mesmerizer 32ki
38%
Hatsune Miku Love Trial 40mP
38%
Hatsune Miku Miku Anamanaguchi
38%
GUMI, Various ECHO Crusher
38%
Hatsune Miku Romeo to Cinderella doriko
38%
GUMI Donut Hole Hachi
38%
Hatsune Miku Kimagure Mercy Hachiouji-P
38%
Kaai Yuki, Hatsune Miku Lagtrain inabakumori
38%
Kagamine Rin, Hatsune Miku Meltdown iroha
38%
Hatsune Miku Konton Boogie jon-YAKITORY
38%
IA, GUMI Six Trillion Years and Overnight Story kemu
38%
Hatsune Miku Senbonzakura Kurousa
38%
Hatsune Miku, Kagamine Rin, GUMI ROKI MikitoP
38%
Hatsune Miku, Kaai Yuki Retry Now! NAKISO
38%
Hatsune Miku Alien Alien NayutalieN
38%
Hatsune Miku, SF-A2 miki Tale of the Deep-sea Lily n-buna
38%
Hatsune Miku, Megurine Luka Luka Luka★Night Fever samfree
38%
Yuzuki Yukari, Various Hmm,Ah,Ah SLAVE.V-V-R
38%
Hatsune Miku Patchwork Staccato Toa
38%
Hatsune Miku, Otomachi Una, Yuzuki Yukari Chururira Chururira Daddadda! Wada Takeaki
38%
Hatsune Miku Shinkai Shoujo Yuuyu
38%
GUMI, Hatsune Miku, MAYU Ama no jaku 164
25%
Hatsune Miku, Kasane Teto, Kagamine Rin Daidaidaidaidaikirai Amala
25%
Hatsune Miku Last Resort Ayase
25%
vflower, Kasane Teto Shadow Shadow Azari
25%
vflower Charles balloon
25%
Momone Mono, Utane Uta (Defoko) my time bo en
25%
vflower, Hatsune Miku Goodbye Declaration Chinozo
25%
Hatsune Miku, GUMI, Otomachi Una The End of Hatsune Miku cosMo@bousouP
25%
Various Akari Has Arrived! GYARI
25%
Hatsune Miku, Kasane Teto, Ui CandyCookieChocolate Hallo Cel
25%
Hatsune Miku Melty Land Nightmare Harumaki Gohan
25%
KAFU, Kasane Teto Tetoris Hiiragi Magnetite
25%
IA Kagerou Daze Jin
25%
Kagamine Rin Melancholic Junky
25%
Hatsune Miku, Kagamine Len, Kagamine Rin Hated by Life Itself. Kanzaki Iori
25%
GUMI, Hatsune Miku MONSTER KIRA
25%
Kasane Teto ⓪ Responsibility Society masarada
25%
Kagamine Rin, Kagamine Len Lost One's Weeping Neru
25%
Hatsune Miku, Zundamon, KAFU Mimukauwa Nice Try Nununu...
25%
vflower Egoist Oonuma Parsley
25%
IA Night Sky Patrol of Tomorrow Orangestar
25%
Hatsune Miku Mikazuki Step r-906
25%
Hatsune Miku, Megurine Luka Magnet RyuuseiP
25%
Hatsune Miku, Kaito Tondemo-Wonderz sasakure.UK
25%
Kasane Teto Humaniac Sasuke Haraguchi
25%
Kagamine Len Telecaster B-boy Surii
25%
Hatsune Miku, Kasane Teto PPPP TAK
25%
Kasane Teto Brain Rot Tokyo Manaka
25%
KAFU phony Tsumiki
25%
Hatsune Miku, Kagamine Rin Corpse Attack!! Utsu-P
25%
Various Exorcism Creep-P
13%
Hatsune Miku, Kasane Teto, Various The Reason Is Daibakuhashin
13%
Hatsune Miku, Kagamine Len, Megurine Luka Just Be Friends Dixie Flatline
13%
Hatsune Miku, Megurine Luka Happy Synthesizer EasyPop
13%
Various Amygdala's Ragdoll GHOST
13%
vflower, Kagamine Len Abnormality Dancin' Girl Guchiry
13%
vflower Bocca dela Verita Hiiragi Kirai
13%
Kaai Yuki Hydrangea LonePi
13%
Hatsune Miku, Kasane Teto Hanataba Mimi
13%
vflower Shama NILFRUITS
13%
vflower, GUMI Lower nulut
13%
Hatsune Miku Koisuru VOC@LOID OSTER project
13%
AVANNA Goodbye to a World Porter Robinson
13%
Hatsune Miku, GUMI, Kagamine Len Brain Fluid Explosion Girl rerulili
13%
Various Language of the Lost RIProducer
13%
Hatsune Miku Looping the Rooms Rusino
13%
Hatsune Miku, Kaito Cendrillion Signal-P
13%
Oliver Secrets of Wysteria Steampianist
13%
Various FIRE!!! Vane Lily
13%
Kasane Teto, Hatsune Miku Override Yoshida Yasei
13%
Kaai Yuki Kyoufuu All Back Yukopi
13%
GUMI, Hatsune Miku I Want to Be Your Heart YurryCanon
13%
IA, flower Superhero Guiano
0%
KAFU, Hatsune Miku Cat-Loving Kashii Moimi
0%
vflower, Hatsune Miku Villain tenihowa
0%
Hatsune Miku, Kasane Teto Execution Clap TRAP CHICK
0%
No matching quizzes found
Score Distribution
Percent of People with Each Score
Percentile by Number Answered
Your Score History
You have not taken this quiz